TOP 5 Wszechczasów - Premier League - Statystyki

Ogólne statystyki
  • Ten quiz został rozwiązany 67 razy
  • Średni wynik to 23 z 40
Statystyki odpowiedzi
lp. Zawodnik Mecze % Poprawnych
1. Manchester United 740
88%
1. Manchester United 2279
88%
2. Arsenal 663
86%
2. Arsenal 2167
86%
4. Chelsea 639
86%
4. Chelsea 2053
86%
3. Liverpool 646
84%
3. Liverpool 2159
84%
5. Tottenham 534
80%
5. Tottenham 1867
80%
2. Tottenham 1539
80%
3. Wayne Rooney 208
77%
4. Wayne Rooney 103
77%
1. Alan Shearer 260
68%
2. Harry Kane 213
64%
1. Petr Cech 202
64%
3. Ryan Giggs 632
64%
1. Ryan Giggs 162
64%
4. Frank Lampard 609
59%
5. Frank Lampard 102
59%
3. Kevin De Bruyne 106*
59%
1. Everton 443
54%
1. Everton 1572
54%
3. Aston Villa 407
50%
5. Aston VIlla 1434
50%
4. Newcastle 404
48%
4. Newcastle 1495
48%
5. Sergio Agüero 184
45%
2. James Milner 634*
43%
4. David de Gea 147
41%
2. West Ham 437
38%
3. West Ham 1530
38%
4. Andrew Cole 187
36%
1. Gareth Barry 653
36%
5. Southampton 396
29%
5. David Seaman 141
25%
2. Cesc Fàbregas 111
20%
5. David James 572
14%
2. David James 169
14%
3. Mark Schwarzer 152
9%
Nie znaleziono quizów pasujących do podanych kryteriów
Rozkład punktacji
Procent ludzi z każdym wynikiem
Percentyl według liczby udzielonych odpowiedzi
Twoja historia wyników
Nie rozwiązałeś tego quizu